000 00944cab a2200301 4500
001 ABS55332
008 090401t1996 xxu||||| |||| 00| 0 eng d
035 _a(Sirsi) u15813
041 _aeng
100 _aRae, G
245 _aWaste management papers
260 _c1996
350 _a0
490 _aWaste Planning
_v(19) June 1996, 3-16(14)_
520 _aPapers from the RICS Minerals Conference in March 1996, covering sustainable waste management, landfill site development and construction and landfill restoration specifications and standards.
650 _aLANDFIL RESTORATION
650 _aLANDFILL SITES
650 _aMINERALS CONFERENCE 1996
650 _aSUSTAINABLE DEVELOPMENT
650 _aWASTE MANAGEMENT
690 _aENVIRONMENTAL AND LAND CONSULTANCY
690 _aMINING AND MINERALS
700 _aCorker, P
700 _aSimmons, E.
700 _aMcKendry, P
942 _n0
948 _c04/03/1997
999 _c10405
_d10405